| 000 | 00721nam a22002177a 4500 | ||
|---|---|---|---|
| 003 | 0 | ||
| 005 | 20251021153349.0 | ||
| 008 | 251017b xxu||||| |||| 00| 0 eng d | ||
| 020 | _a978-1-80081-464-6 | ||
| 050 |
_aBF 637.P36 _b.K76 2023 |
||
| 100 |
_aKrogerus, Mikael, _eauthor. |
||
| 245 |
_aThe get things done book / _cMikael Krogerus and Roman Tschäppeler. |
||
| 260 |
_aLondon : _bProfile Books, _c2023. |
||
| 300 |
_a171 pages : _billustrations ; _c19 cm. |
||
| 500 | _aIncludes appendix, acknowledgements, and about the authors. | ||
| 504 | _aIncludes sources. | ||
| 650 |
_aSuccess _vPsychological aspects. |
||
| 650 | _aTime management. | ||
| 700 |
_aTschäppeler, Roman, _eauthor. |
||
| 942 |
_2lcc _cBK |
||
| 999 |
_c368266 _d368266 |
||